Aluviones

Guardado en:
書目詳細資料
主要作者: Jiménez Rosabal, Amado
格式: 未知
出版: [San José, Costa Rica] 1949
主題:
標簽: 添加標簽
沒有標簽, 成為第一個標記此記錄!

MARC

LEADER 00000 a2200000 4500
003 011224
005 20221231143811.0
008 140114s1949 cr a m 000 ||s d
040 |c cru CEDI 
090 |a TFG 268 
100 |a Jiménez Rosabal, Amado  |9 17678 
245 |a Aluviones 
260 |c 1949  |a [San José, Costa Rica] 
300 |a  93 hojas : ilustraciones, 55 fotografías originales ; 28 cm  
500 |a  Tesis (Ingeniero Civil) Universidad de Costa Rica.  
501 |a Ed. mimeografiada  
650 |x INGENIERÍA DE MINAS  |9 7206 
942 |c TFG 
999 |c 12178  |d 12178